Budapest metró megállói - Statistics

General Stats
  • This quiz has been taken 13 times
  • The average score is 23 of 52
Answer Stats
Hint Answer % Correct
M3 Kőbánya-Kispest
100%
M1 Hősök tere
86%
M1 Oktogon
86%
M3 Semmelweis klinikák
86%
M1 Deák Ferenc tér
71%
M2 Deák Ferenc tér
71%
M3 Deák Ferenc tér
71%
M2 Déli pályaudvar
71%
M3 Kálvin tér
71%
M4 Kálvin tér
71%
M2 Kossuth Lajos tér
71%
M3 Nyugati pályaudvar
71%
M3 Corvin-negyed
57%
M3 Ferenciek tere
57%
M2 Keleti pályaudvar
57%
M4 Keleti pályaudvar
57%
M3 Népliget
57%
M2 Puskás Ferenc stadion
57%
M4 Újbuda-központ
57%
M3 Újpest-központ
57%
M2 Blaha Lujza tér
43%
M4 Fővám tér
43%
M4 Kelenföld vasútállomás
43%
M3 Lehel tér
43%
M4 Móricz Zsigmond körtér
43%
M3 Nagyvárad tér
43%
M3 Újpest-városkapu
43%
M1 Vörösmarty tér
43%
M2 Astoria
29%
M1 Bajza utca
29%
M2 Batthyány tér
29%
M4 Bikás park
29%
M3 Forgách utca
29%
M3 Göncz Árpád városközpont
29%
M3 Gyöngyösi utca
29%
M4 II. János Pál pápa tér
29%
M1 Mexikói út
29%
M1 Opera
29%
M2 Örs vezér tere
29%
M2 Pillangó utca
29%
M3 Pöttyös utca
29%
M4 Rákóczi tér
29%
M2 Széll Kálmán tér
29%
M4 Szent Gellért tér - Műegyetem
29%
M1 Vörösmarty utca
29%
M3 Arany János utca
14%
M1 Bajcsy-Zsilinszky út
14%
M3 Dózsa György út
14%
M3 Ecseri út
14%
M3 Határ út
14%
M1 Kodály körönd
14%
M1 Széchenyi-fürdő
14%
No matching quizzes found
Score Distribution
Percent of People with Each Score
Percentile by Number Answered
Your Score History
You have not taken this quiz